| 000 | 00739cam a2200193 4500 | ||
|---|---|---|---|
| 001 | WB3714-46 | ||
| 008 | 000000n2001 000 0 eng u | ||
| 035 | _a(Sirsi) u111815 | ||
| 245 | _aNBA calls for export ban | ||
| 260 | _c2001 | ||
| 490 |
_aScotsman _v 3 April 2001, 7(1) |
||
| 520 | _aFollowing MAFF's confirmation of the source of foot and mouth in illegally imported meat, the National Beef Association has called on the EC to suspend meat imports from all FMD infected countries until the EU's bio-security against FMD can be properly reviewed. | ||
| 590 | _aWB | ||
| 650 | _aFOOT-AND-MOUTH DISEASE | ||
| 650 | _aMEAT IMPORTS | ||
| 650 | _aBIO-SECURITY CONTROLS | ||
| 690 | _aRURAL-AGRICULTURE AND FORESTRY | ||
| 942 | _n0 | ||
| 999 |
_c66624 _d66624 |
||